000 00383nam a2200157Ia 4500
008 230917s9999||||xx |||||||||||||| ||und||
020 _cRS39
040 _e9974
_aMAIN
041 _aEnglish
082 _a531 T139I
100 _aTakwale, R G
245 0 _aIntroduction to classical mechanics
260 _aNew Delhi
_bTata McGraw-Hill
_c1985
300 _aix, 425 p.
942 _cBK
999 _c47661
_d47661